Types of School Supplies - Statistics

General Stats
  • This quiz has been taken 188 times
  • The average score is 9 of 11
Answer Stats
Picture Answer % Correct
Pen
99%
Pencil
97%
Book
95%
Calculator
93%
Ruler
93%
Tape
92%
Eraser
89%
Highlighter
86%
Colored pencil
78%
Folder
77%
Graph paper
39%
No matching quizzes found
Score Distribution
Percent of People with Each Score
Percentile by Number Answered
Your Score History
You have not taken this quiz